00826nam a2200217 a 4500008004100000050001700041100002000058245006300078260003900141300000900180350000900189490004600198650004100244700002400285700001900309700001800328710001500346995010300361999001700464952012700481080918s2007 ||||||||||||||||| || u aIBRD(08)PRWP aLanjouw, Jean O10aHow good a map?: putting small area estimation to the test aWashington, D.C.bWorld Bankc2007 a41p. a0.00 aWorld Bank policy research working papers aPOOR--RESEARCH--DEVELOPING COUNTRIES aDemombynes, Gabriel aLanjouw, Peter aElbers, Chris aWorld Bank D0.00FCBU-MAIN LIBRARY (Kitwe)H1I0.00M4155UAVAILABLEWSep 18, 2008ZInternational Publications c45770d45770 00102lcc4070a001b001cInternational Publicationsd2022-11-30l0oIBRD(08)PRWPpZ03002815r2022-11-30w2022-11-30y002